000 00313nam a2200109Ia 4500
008 220204s9999 xx 000 0 und d
082 _bBAR
100 _aBarah, B C
245 0 _aTraditional water harvesting systems: An ecological economic survey
260 _aNew Delhi
_bNew Age International
_c1996
942 _cBK
999 _c41384
_d41384